[Event "Krasnoyarsk Marchko Memorial"]
[Site "Krasnoyarsk"]
[Date "2016.12.22"]
[Round "6"]
[White "Bychkov, Vladimir"]
[Black "Tikhomirov, Alexey"]
[Result "1/2-1/2"]
[WhiteElo "2215"]
[BlackElo "2162"]
[PlyCount "56"]
[EventDate "2016.12.17"]
[EventType "tourn"]
[EventRounds "9"]
[EventCountry "RUS"]
[SourceTitle "CBM 176 Extra"]
[Source "ChessBase"]
[SourceDate "2017.03.02"]
[SourceVersion "1"]
[SourceVersionDate "2017.03.02"]
[SourceQuality "1"]

1. Nf3 Nf6 2. c4 e6 3. Nc3 d5 4. d4 Be7 5. cxd5 exd5 6. Bg5 h6 7. Bf4 0-0 8. e3 Be6 9. Bd3 Nbd7 10. 0-0 Nh5 11. Ne5 Nxf4 12. exf4 Nf6 13. Qf3 c6 14. Rae1 Re8 15. g4 Bb4 16. g5 Bxc3 17. bxc3 hxg5 18. fxg5 Ne4 19. Bxe4 dxe4 20. Qh5 Qd5 21. f3 e3 22. f4 Qe4 23. g6 fxg6 24. Qxg6 Qxg6+ 25. Nxg6 Bxa2 26. Ne5 a5 27. Rxe3 a4 28. f5 Re7 1/2-1/2

[Event "Krasnoyarsk Marchko Memorial"]
[Site "Krasnoyarsk"]
[Date "2016.12.20"]
[Round "4"]
[White "Mikhalchenko, Petr"]
[Black "Tikhomirov, Alexey"]
[Result "1-0"]
[WhiteElo "2327"]
[BlackElo "2162"]
[PlyCount "81"]
[EventDate "2016.12.17"]
[EventType "tourn"]
[EventRounds "9"]
[EventCountry "RUS"]
[SourceTitle "CBM 176 Extra"]
[Source "ChessBase"]
[SourceDate "2017.03.02"]
[SourceVersion "1"]
[SourceVersionDate "2017.03.02"]
[SourceQuality "1"]

1. Nf3 d5 2. d4 Nf6 3. Bf4 e6 4. Nbd2 c5 5. e3 Nc6 6. c3 Bd6 7. Bg3 Bxg3 8. hxg3 Qe7 9. Ne5 Nxe5 10. dxe5 Nd7 11. f4 c4 12. Qc2 h6 13. g4 Qc5 14. Rh3 b5 15. b4 cxb3 16. Nxb3 Qb6 17. Nd4 a6 18. Rb1 Qc7 19. g5 Nc5 20. Bd3 Bd7 21. g6 Rc8 22. gxf7+ Kxf7 23. Bg6+ Ke7 24. Rc1 Be8 25. Rg3 Bxg6 26. Qxg6 Rhg8 27. Ke2 Rcf8 28. f5 exf5 29. Nxf5+ Kd8 30. Rd1 Kc8 31. Rxd5 Kb8 32. Rg4 h5 33. Rb4 Ka7 34. Rd6 Qa5 35. a4 bxa4 36. Ne7 Qc7 37. Rc6 Qxe7 38. Rxa6+ Nxa6 39. Qb6+ Ka8 40. Qxa6+ Qa7 41. Qc6+ 1-0

[Event "Krasnoyarsk Region-ch"]
[Site "Krasnoyarsk"]
[Date "2016.10.06"]
[Round "8"]
[White "Tikhomirov, Alexey"]
[Black "Dunaevskaya, Alisa"]
[Result "1-0"]
[WhiteElo "2187"]
[BlackElo "1571"]
[PlyCount "69"]
[EventDate "2016.09.29"]
[EventType "swiss"]
[EventRounds "11"]
[EventCountry "RUS"]
[SourceTitle "EXT 2018"]
[Source "ChessBase"]
[SourceDate "2017.10.13"]
[SourceVersion "1"]
[SourceVersionDate "2017.10.13"]
[SourceQuality "1"]

1. e4 d6 2. c4 e5 3. g3 Nf6 4. Bg2 Be7 5. Ne2 0-0 6. d4 c6 7. Nbc3 a6 8. a4 Bd7 9. 0-0 Qc8 10. a5 Bh3 11. f3 Bxg2 12. Kxg2 Nbd7 13. Be3 exd4 14. Nxd4 Ne5 15. b3 Rd8 16. Nf5 Qd7 17. Na4 Qe8 18. Nb6 Rab8 19. Re1 Nfd7 20. f4 Ng6 21. Bd4 f6 22. h4 c5 23. Nxd7 Rxd7 24. Bc3 Nf8 25. h5 Qf7 26. Qg4 Kh8 27. h6 g6 28. Nxe7 Rxe7 29. Qh4 Nd7 30. Rad1 Rf8 31. Rxd6 Kg8 32. Red1 Kh8 33. Qg4 Rd8 34. Rxf6 Nxf6 35. Rxd8+ 1-0

[Event "Krasnoyarsk Region-ch"]
[Site "Krasnoyarsk"]
[Date "2016.10.04"]
[Round "6"]
[White "Bychkov, Vladimir"]
[Black "Tikhomirov, Alexey"]
[Result "1-0"]
[WhiteElo "2216"]
[BlackElo "2187"]
[PlyCount "73"]
[EventDate "2016.09.29"]
[EventType "swiss"]
[EventRounds "11"]
[EventCountry "RUS"]
[SourceTitle "EXT 2018"]
[Source "ChessBase"]
[SourceDate "2017.10.13"]
[SourceVersion "1"]
[SourceVersionDate "2017.10.13"]
[SourceQuality "1"]

1. Nf3 d5 2. d4 Nf6 3. c4 c6 4. Nc3 dxc4 5. a4 Bf5 6. Ne5 e6 7. f3 Nfd7 8. Nxc4 Bb4 9. e4 Bg6 10. a5 0-0 11. Be3 c5 12. d5 exd5 13. Qxd5 Nc6 14. Be2 Nf6 15. Qxd8 Rfxd8 16. Kf2 Nd4 17. Rad1 Bxc3 18. bxc3 Ne6 19. Nd6 b6 20. a6 Kf8 21. Nb5 Rdc8 22. Bc4 Nc7 23. Nxc7 Rxc7 24. Bf4 Rcc8 25. Bd6+ Kg8 26. Be5 Rc6 27. Rhe1 h6 28. Bg3 Rac8 29. Bd5 b5 30. Bxc6 Rxc6 31. Rd6 Rc8 32. Bh4 b4 33. Bxf6 gxf6 34. cxb4 cxb4 35. g4 b3 36. Rb1 h5 37. gxh5 1-0

[Event "Krasnoyarsk Marchko Memorial"]
[Site "Krasnoyarsk"]
[Date "2015.12.26"]
[Round "8"]
[White "Tikhomirov, Alexey"]
[Black "Piskunov, Alexandr"]
[Result "0-1"]
[WhiteElo "2250"]
[BlackElo "2303"]
[PlyCount "86"]
[EventDate "2015.12.19"]
[EventType "tourn"]
[EventRounds "9"]
[EventCountry "RUS"]
[SourceTitle "EXT 2018"]
[Source "ChessBase"]
[SourceDate "2017.10.13"]
[SourceVersion "1"]
[SourceVersionDate "2017.10.13"]
[SourceQuality "1"]

1. d4 d6 2. Nf3 Nf6 3. g3 g6 4. Bg2 Bg7 5. 0-0 0-0 6. c4 Nc6 7. d5 Na5 8. Nbd2 c5 9. e4 Rb8 10. a4 a6 11. Ra3 b5 12. axb5 axb5 13. b3 bxc4 14. bxc4 Rb4 15. Qc2 Ba6 16. e5 Ng4 17. exd6 exd6 18. Ra4 Qc7 19. Ba3 Rbb8 20. Qa2 Ne5 21. Nxe5 Bxe5 22. Bc1 Bc3 23. Ne4 Bxc4 24. Rxc4 Nxc4 25. Nxc3 Ne5 26. Bh6 Rfc8 27. Ne4 f5 28. Ng5 c4 29. Ne6 Qb6 30. Be3 Qb4 31. Nd4 Ra8 32. Qe2 Re8 33. Nc6 Qb3 34. Rc1 c3 35. Nd4 Qb2 36. Qc2 Ra1 37. Bf1 Nf3+ 38. Kg2 Rxc1 39. Qa4 Rxe3 40. Qa8+ Kg7 41. Nxf5+ gxf5 42. Qa7+ Kg6 43. Qxe3 Ne5 0-1

[Event "Krasnoyarsk Marchko Memorial"]
[Site "Krasnoyarsk"]
[Date "2015.12.22"]
[Round "4"]
[White "Tikhomirov, Alexey"]
[Black "Lebedev, Alexander2222"]
[Result "1/2-1/2"]
[WhiteElo "2250"]
[BlackElo "2186"]
[PlyCount "99"]
[EventDate "2015.12.19"]
[EventType "tourn"]
[EventRounds "9"]
[EventCountry "RUS"]
[SourceTitle "EXT 2018"]
[Source "ChessBase"]
[SourceDate "2017.10.13"]
[SourceVersion "1"]
[SourceVersionDate "2017.10.13"]
[SourceQuality "1"]

1. Nf3 d5 2. d4 Nf6 3. g3 Bf5 4. Bg2 e6 5. 0-0 Nbd7 6. Nh4 Bg4 7. h3 Bh5 8. c4 c6 9. cxd5 Nxd5 10. Nc3 Be7 11. Nf3 Bg6 12. Re1 Nxc3 13. bxc3 Be4 14. Bf1 0-0 15. Nd2 Bg6 16. e4 c5 17. Rb1 Qc7 18. Ba3 Rab8 19. c4 Qa5 20. Rb3 Rfe8 21. d5 exd5 22. exd5 Bf8 23. Rxe8 Rxe8 24. Qc1 Qc7 25. Bb2 Nb6 26. Bd3 Qd7 27. Bxg6 hxg6 28. Kg2 Nc8 29. Nf3 Nd6 30. Be5 Nf5 31. g4 Ne7 32. Bf4 Nc8 33. Ne5 Qe7 34. Re3 Qd8 35. Rf3 Nd6 36. Qc2 g5 37. Bg3 Be7 38. Nd3 Ne4 39. Re3 Nxg3 40. Rxg3 Bd6 41. Rf3 Bc7 42. Nxc5 Qd6 43. Ne4 Qh2+ 44. Kf1 Qh1+ 45. Ke2 Ba5 46. Re3 Qe1+ 47. Kd3 Qf1+ 48. Qe2 Qb1+ 49. Qc2 Qf1+ 50. Qe2 1/2-1/2

[Event "Krasnoyarsk Region-ch"]
[Site "Krasnoyarsk"]
[Date "2015.10.18"]
[Round "11"]
[White "Komov, Roman"]
[Black "Tikhomirov, Alexey"]
[Result "1/2-1/2"]
[WhiteElo "2129"]
[BlackElo "2278"]
[PlyCount "76"]
[EventDate "2015.10.??"]
[EventType "swiss"]
[EventRounds "11"]
[EventCountry "RUS"]
[SourceTitle "CBM 169 Extra"]
[Source "ChessBase"]
[SourceDate "2015.12.18"]
[SourceVersion "1"]
[SourceVersionDate "2015.12.18"]
[SourceQuality "1"]

1. d4 d5 2. c4 dxc4 3. e3 e5 4. Bxc4 exd4 5. exd4 Bb4+ 6. Nc3 Nf6 7. Nge2 0-0 8. 0-0 Nc6 9. Bg5 Be7 10. Re1 Ng4 11. Bxe7 Nxe7 12. Nf4 Nc6 13. h3 Qd6 14. Qc1 Qxd4 15. Bxf7+ Rxf7 16. Re8+ Rf8 17. Rxf8+ Kxf8 18. hxg4 Bxg4 19. Nfd5 Qe5 20. Qc2 Rd8 21. Ne3 h5 22. Qg6 Rd6 23. Qh7 Rh6 24. Qd3 Kg8 25. Re1 Rd6 26. Qb1 Re6 27. Qd3 Qd4 28. Qb5 Nd8 29. Qb3 Kh8 30. Nb5 Qd2 31. Ra1 Rf6 32. Nxg4 hxg4 33. Rf1 Ne6 34. Qg3 c6 35. Nc3 Qf4 36. Qxf4 Nxf4 37. Rd1 b5 38. Rd7 a6 1/2-1/2

[Event "Krasnoyarsk Region-ch"]
[Site "Krasnoyarsk"]
[Date "2015.10.14"]
[Round "7"]
[White "Tikhomirov, Alexey"]
[Black "Pavlov, Oleg Yuryevich"]
[Result "0-1"]
[WhiteElo "2278"]
[BlackElo "2206"]
[PlyCount "104"]
[EventDate "2015.10.??"]
[EventType "swiss"]
[EventRounds "11"]
[EventCountry "RUS"]
[SourceTitle "CBM 169 Extra"]
[Source "ChessBase"]
[SourceDate "2015.12.18"]
[SourceVersion "1"]
[SourceVersionDate "2015.12.18"]
[SourceQuality "1"]

1. c4 Nf6 2. Nf3 c5 3. g3 b6 4. Bg2 Bb7 5. 0-0 e6 6. d3 Be7 7. e4 d6 8. Re1 0-0 9. Nc3 a6 10. b3 Nbd7 11. Bb2 Qc7 12. Rc1 Rac8 13. h3 Qb8 14. a4 Rfe8 15. Rc2 Bf8 16. Rce2 Qa8 17. d4 cxd4 18. Nxd4 Nc5 19. g4 Red8 20. f3 g6 21. g5 Nh5 22. Rf2 Nf4 23. Bf1 Bg7 24. Rd2 Qb8 25. Kh1 Qc7 26. b4 Nd7 27. Ndb5 axb5 28. Nxb5 Qb8 29. Bxg7 Kxg7 30. Nxd6 e5 31. Nxc8 Bxc8 32. c5 bxc5 33. b5 Qc7 34. Qa1 Ne6 35. a5 Nd4 36. Qc3 Rh8 37. Rb1 h6 38. b6 Qc6 39. Rdb2 hxg5 40. b7 Bxb7 41. Rxb7 g4 42. Qc4 Qf6 43. Rxd7 Qe6 44. Rxf7+ Qxf7 45. Qxc5 Qf4 46. Rb7+ Kh6 47. Re7 Ne2 48. Qxe5 Ng3+ 49. Kh2 Nxf1+ 50. Kh1 Qxe5 51. Rxe5 Rf8 52. Kg1 Ne3 0-1

[Event "Abakan Khakassia-ch"]
[Site "Abakan"]
[Date "2014.02.27"]
[Round "7"]
[White "Kirillov, Pavel"]
[Black "Tikhomirov, Alexey"]
[Result "0-1"]
[WhiteElo "2152"]
[BlackElo "2258"]
[PlyCount "102"]
[EventDate "2014.02.22"]
[EventType "swiss"]
[EventRounds "9"]
[EventCountry "RUS"]
[SourceTitle "CBM 159 Extra"]
[Source "ChessBase"]
[SourceDate "2014.04.24"]
[SourceVersion "1"]
[SourceVersionDate "2014.04.24"]
[SourceQuality "1"]

1. c4 Nf6 2. Nc3 c5 3. g3 Nc6 4. Bg2 a6 5. Nf3 g6 6. 0-0 Bg7 7. d4 cxd4 8. Nxd4 0-0 9. h3 d6 10. Be3 Bd7 11. Rc1 Re8 12. Nd5 Rb8 13. Nb6 Nxd4 14. Bxd4 Bc6 15. Nd5 Bxd5 16. cxd5 Qd7 17. Rc2 Rec8 18. Rd2 Qb5 19. e4 Nd7 20. Bxg7 Kxg7 21. Kh2 Rc7 22. f4 Qa5 23. a3 Rbc8 24. Re2 f6 25. Ref2 Qb6 26. Qg4 h5 27. Qf3 Rc1 28. e5 dxe5 29. f5 Rxf1 30. Rxf1 Qxb2 31. fxg6 Rc2 32. Kh1 Rxg2 33. Qxg2 Qxa3 34. Rb1 b5 35. g4 h4 36. Rf1 Qd3 37. Rc1 Nf8 38. Rc6 Nxg6 39. g5 fxg5 40. Rxa6 b4 41. Rb6 Qe3 42. Rb7 Kf6 43. d6 exd6 44. Qd5 Qxh3+ 45. Kg1 Qe6 46. Qe4 b3 47. Qf3+ Nf4 48. Rxb3 e4 49. Qe3 Qg4+ 50. Kf1 Qd1+ 51. Kf2 Nd3+ 0-1

[Event "Abakan Khakassia-ch"]
[Site "Abakan"]
[Date "2014.02.23"]
[Round "2"]
[White "Tikhomirov, Alexey"]
[Black "Posvalyuk, Viacheslav"]
[Result "1-0"]
[WhiteElo "2258"]
[BlackElo "2115"]
[PlyCount "63"]
[EventDate "2014.02.22"]
[EventType "swiss"]
[EventRounds "9"]
[EventCountry "RUS"]
[SourceTitle "CBM 159 Extra"]
[Source "ChessBase"]
[SourceDate "2014.04.24"]
[SourceVersion "1"]
[SourceVersionDate "2014.04.24"]
[SourceQuality "1"]

1. d4 Nf6 2. Nc3 g6 3. e4 d6 4. Nge2 Bg7 5. Ng3 0-0 6. Be2 e5 7. d5 c6 8. 0-0 cxd5 9. exd5 Nbd7 10. f4 exf4 11. Bxf4 Ne5 12. Kh1 Qb6 13. Na4 Qd8 14. c4 Nfg4 15. Ne4 f5 16. Ng5 Qe7 17. c5 Bd7 18. h3 h6 19. cxd6 Qf6 20. Ne6 Qh4 21. Bxg4 Nxg4 22. Nac5 Bxe6 23. dxe6 Nf2+ 24. Rxf2 Qxf2 25. Nd3 Qd4 26. Qb3 g5 27. e7+ Rf7 28. Re1 Re8 29. Be5 Qb6 30. Qxb6 axb6 31. Bxg7 Kxg7 32. d7 1-0

[Event "Krasnoyarsk Marchko Memorial"]
[Site "Krasnoyarsk"]
[Date "2013.12.21"]
[Round "1"]
[White "Tikhomirov, Alexey"]
[Black "Burmakin, Evgeniy"]
[Result "0-1"]
[WhiteElo "2231"]
[BlackElo "2268"]
[PlyCount "83"]
[EventDate "2013.12.21"]
[EventType "swiss"]
[EventRounds "9"]
[EventCountry "RUS"]
[SourceTitle "CBM 158 Extra"]
[Source "ChessBase"]
[SourceDate "2014.02.28"]
[SourceVersion "1"]
[SourceVersionDate "2014.02.28"]
[SourceQuality "1"]

1. e4 c5 2. Nf3 e6 3. d3 Nc6 4. Nbd2 b5 5. g3 a5 6. Bg2 a4 7. a3 g6 8. e5 Qc7 9. 0-0 Bb7 10. Re1 Bg7 11. Qe2 Nge7 12. c3 0-0 13. h4 Na5 14. Rb1 Nec6 15. Nf1 Nb3 16. Bf4 Ne7 17. Ne3 Nd5 18. Nxd5 Bxd5 19. Bh3 h6 20. Nh2 h5 21. Qe3 Qb7 22. Bg5 Ra6 23. Be7 Rc8 24. g4 Re8 25. Bg5 d6 26. d4 cxd4 27. cxd4 Qa7 28. Rbd1 dxe5 29. dxe5 Qxe3 30. Rxe3 Rc6 31. gxh5 gxh5 32. Bf1 Rb8 33. Be2 Rc2 34. Bxh5 Rxb2 35. Ng4 b4 36. Be7 Rb7 37. Nf6+ Kh8 38. Bd6 Nd2 39. Rxd2 Rxd2 40. Bxb4 Rc2 41. Nxd5 exd5 42. Bf3 0-1

[Event "Krasnoyarsk City-ch"]
[Site "Krasnoyarsk"]
[Date "2013.10.09"]
[Round "7"]
[White "Piskunov, Alexandr"]
[Black "Tikhomirov, Alexey"]
[Result "1-0"]
[WhiteElo "2314"]
[BlackElo "2215"]
[PlyCount "143"]
[EventDate "2013.10.03"]
[EventType "swiss"]
[EventRounds "11"]
[EventCountry "RUS"]
[SourceTitle "EXT 2014"]
[Source "ChessBase"]
[SourceDate "2013.11.20"]
[SourceVersion "1"]
[SourceVersionDate "2013.11.20"]
[SourceQuality "1"]

1. e4 e5 2. Nf3 Nc6 3. c3 Nf6 4. d3 d5 5. Nbd2 Be7 6. Be2 a5 7. 0-0 0-0 8. Re1 Re8 9. Bf1 Bf8 10. h3 h6 11. Qc2 g6 12. exd5 Nxd5 13. Nc4 Bg7 14. a4 Kh7 15. Bd2 b6 16. Rad1 Bf5 17. Bc1 g5 18. g3 Qd7 19. Kh2 Rad8 20. Bg2 Bg6 21. Qb3 f6 22. d4 e4 23. Ng1 f5 24. f3 Qe6 25. fxe4 fxe4 26. Ne3 Nce7 27. Nxd5 Nxd5 28. Rf1 Qd6 29. Rde1 Nf6 30. Be3 Re7 31. c4 Nh5 32. Ne2 Rde8 33. Rc1 c5 34. Qa3 Rc8 35. Rfd1 Qc7 36. dxc5 bxc5 37. Rd5 Be5 38. Bxc5 Rf7 39. Bd6 Bxd6 40. Qxd6 Qa7 41. c5 Qb7 42. Rd2 Rc6 43. Qd4 Re7 44. Rc4 Qc7 45. Qe3 Nf6 46. Nc3 Re5 47. Nb5 Qf7 48. Qc3 Qe7 49. Rd6 Rc8 50. Ra6 Kh8 51. Ra7 Qe6 52. Nd6 Rf8 53. Qxa5 e3 54. Qc7 Rg8 55. Rc1 e2 56. Re1 Re3 57. a5 h5 58. Kg1 h4 59. Qf7 Bxf7 60. Nxf7+ Kg7 61. Nxg5+ Qe7 62. Rxe7+ Rxe7 63. a6 Rb8 64. Bb7 Rexb7 65. axb7 Rxb7 66. Rxe2 hxg3 67. Kg2 Kg6 68. Ne6 Nh5 69. c6 Rb8 70. c7 Rc8 71. Rd2 Re8 72. Kf3 1-0

[Event "Abakan Sayany op"]
[Site "Abakan"]
[Date "2013.08.10"]
[Round "9"]
[White "Tikhomirov, Alexey"]
[Black "Mokhov, Vladimir"]
[Result "1/2-1/2"]
[WhiteElo "2186"]
[BlackElo "2318"]
[PlyCount "61"]
[EventDate "2013.08.02"]
[EventType "swiss"]
[EventRounds "9"]
[EventCountry "RUS"]
[SourceTitle "CBM 155 Extra"]
[Source "ChessBase"]
[SourceDate "2013.08.26"]
[SourceVersion "1"]
[SourceVersionDate "2013.08.26"]
[SourceQuality "1"]

1. g3 Nf6 2. Bg2 g6 3. Nf3 Bg7 4. 0-0 0-0 5. d3 d5 6. Nbd2 Nc6 7. e4 e5 8. Re1 Re8 9. c3 a5 10. a4 h6 11. Qc2 Be6 12. b3 Qd7 13. Bb2 Rad8 14. Rad1 Kh7 15. Nf1 Ng8 16. exd5 Bxd5 17. Ne3 Be6 18. d4 exd4 19. Nxd4 Nxd4 20. cxd4 Ne7 21. d5 Bf5 22. Nxf5 Nxf5 23. Rxe8 Rxe8 24. Bxg7 Nxg7 25. Qc3 b6 26. h4 h5 27. Qc6 Rd8 28. Qf6 Ne8 29. Qf4 Nd6 30. Rc1 Re8 31. Kh2 1/2-1/2

[Event "Abaza op"]
[Site "Abaza"]
[Date "2012.07.24"]
[Round "4"]
[White "Resmyatova, Antonina"]
[Black "Tikhomirov, Alexey"]
[Result "0-1"]
[WhiteElo "1759"]
[BlackElo "2195"]
[PlyCount "64"]
[EventDate "2012.07.21"]
[EventType "swiss"]
[EventRounds "9"]
[EventCountry "RUS"]
[SourceTitle "CBM 149 Extra"]
[Source "ChessBase"]
[SourceDate "2012.08.24"]
[SourceVersion "1"]
[SourceVersionDate "2012.08.24"]
[SourceQuality "1"]

1. d4 Nf6 2. Nf3 d5 3. c4 e6 4. g3 Bb4+ 5. Bd2 Bxd2+ 6. Qxd2 0-0 7. Bg2 Na6 8. 0-0 c5 9. Rd1 Qe7 10. cxd5 exd5 11. Nc3 Be6 12. dxc5 Nxc5 13. Qd4 Rac8 14. Rac1 h6 15. Ne5 a6 16. Nxd5 Bxd5 17. Bxd5 Nxd5 18. Qxd5 Rcd8 19. Ng6 Qf6 20. Qxc5 Qxg6 21. Qc7 Rde8 22. e3 Re6 23. b3 b5 24. Rd7 h5 25. Rd4 Qg5 26. Rc6 Rxe3 27. Rxa6 Re1+ 28. Kg2 Qf5 29. Qf4 Qc8 30. Rb6 Qa8+ 31. Qf3 Rg1+ 32. Kxg1 Qxf3 0-1

[Event "Krasnoyarsk Marchko Memorial"]
[Site "Krasnoyarsk"]
[Date "2011.12.25"]
[Round "9"]
[White "Tikhomirov, Alexey"]
[Black "Mullin, Alexandr"]
[Result "0-1"]
[WhiteElo "2195"]
[BlackElo "2132"]
[PlyCount "58"]
[EventDate "2011.12.17"]
[EventType "tourn"]
[EventRounds "9"]
[EventCountry "RUS"]
[SourceTitle "EXT 2013"]
[Source "ChessBase"]
[SourceDate "2012.11.22"]
[SourceVersion "1"]
[SourceVersionDate "2012.11.22"]
[SourceQuality "1"]

1. d4 d5 2. Nf3 Nf6 3. c4 e6 4. Bg5 c6 5. Nc3 h6 6. Bxf6 Qxf6 7. e3 Nd7 8. Bd3 Bb4 9. 0-0 0-0 10. a3 Ba5 11. Rc1 dxc4 12. Ne4 Qe7 13. Rxc4 f5 14. Nc5 Nxc5 15. Rxc5 Bb6 16. Rc3 c5 17. dxc5 Bxc5 18. Ne5 Qd6 19. Qc2 Qxe5 20. Rxc5 Qf6 21. f4 Bd7 22. Qb3 Kh8 23. Qxb7 Rfd8 24. b4 Ba4 25. Re5 Bb3 26. Qa6 Rac8 27. Bb1 Bc4 28. Qxc8 Rxc8 29. Rc1 Qd8 0-1